[Event "Ruhrgebiet Bezirksliga 16/17"]
[Site "Ruhrgebiet"]
[Date "2016.09.18"]
[Round "2.7"]
[White "Raudszus, Klaus"]
[Black "Begemann, Jens"]
[Result "1-0"]
[WhiteElo "1627"]
[BlackElo "1521"]
[PlyCount "86"]
[EventDate "2016.08.28"]
[EventType "team-tourn"]
[EventRounds "11"]
[EventCountry "GER"]
[SourceTitle "EXT 2022"]
[Source "ChessBase"]
[SourceDate "2021.10.06"]
[SourceVersion "1"]
[SourceVersionDate "2021.10.06"]
[SourceQuality "1"]
[WhiteTeam "Luenen Horstmar SC"]
[BlackTeam "Hamm SV II"]
[WhiteTeamCountry "GER"]
[BlackTeamCountry "GER"]

1. e4 c5 2. d4 cxd4 3. c3 dxc3 4. Nxc3 Nc6 5. Nf3 e6 6. Bc4 Nf6 7. 0-0 Qc7 8. Qe2 Ng4 9. h3 Nd4 10. hxg4 Nxe2+ 11. Bxe2 a6 12. Be3 Bc5 13. Nd4 0-0 14. Rfd1 b5 15. Rac1 Qa7 16. Bf3 Bb7 17. Ndxb5 axb5 18. Nxb5 Qa4 19. Rxc5 Rac8 20. Nc3 Qa8 21. Rxd7 Rxc5 22. Bxc5 Rd8 23. Re7 Bc6 24. Be3 h6 25. Ra7 Qb8 26. Ra6 Be8 27. Rb6 Qc7 28. a4 Rb8 29. a5 Rxb6 30. Bxb6 Qc8 31. Be2 Bc6 32. b4 Qa8 33. f3 Qf8 34. Bc5 Qd8 35. Be3 Qf6 36. Nb5 Bxb5 37. Bxb5 Qc3 38. Bc5 f6 39. a6 Qd2 40. a7 Qe1+ 41. Bf1 Qa1 42. Kf2 Kf7 43. Bb5 g6 1-0

[Event "Ruhrgebiet Bezirksliga 15/16"]
[Site "Ruhrgebiet"]
[Date "2016.04.03"]
[Round "9.7"]
[White "Begemann, Jens"]
[Black "Knoepper, Werner"]
[Result "1/2-1/2"]
[WhiteElo "1517"]
[BlackElo "1588"]
[PlyCount "49"]
[EventDate "2015.08.30"]
[EventType "team-tourn"]
[EventRounds "9"]
[EventCountry "GER"]
[SourceTitle "EXT 2022"]
[Source "ChessBase"]
[SourceDate "2021.10.06"]
[SourceVersion "1"]
[SourceVersionDate "2021.10.06"]
[SourceQuality "1"]
[WhiteTeam "Hamm SVg II"]
[BlackTeam "Kamen SV III"]
[WhiteTeamCountry "GER"]
[BlackTeamCountry "GER"]

1. e4 e6 2. d4 d5 3. e5 c5 4. c3 Nc6 5. a3 Qb6 6. Nf3 cxd4 7. cxd4 f6 8. b4 a5 9. b5 Na7 10. Nc3 Bd7 11. a4 Bb4 12. Bb2 Rc8 13. Rc1 f5 14. Be2 Qd8 15. 0-0 Bxc3 16. Rxc3 Rxc3 17. Bxc3 b6 18. Qd2 h6 19. Rc1 g5 20. Bb2 Nc8 21. Qc2 Nge7 22. Ba3 Kf7 23. Ne1 g4 24. Nd3 Ng6 25. Qd2 1/2-1/2

[Event "Ruhrgebiet Bezirksliga 15/16"]
[Site "Ruhrgebiet"]
[Date "2016.02.28"]
[Round "8.7"]
[White "Simon, Frank"]
[Black "Begemann, Jens"]
[Result "1-0"]
[WhiteElo "1760"]
[BlackElo "1517"]
[PlyCount "68"]
[EventDate "2015.08.30"]
[EventType "team-tourn"]
[EventRounds "9"]
[EventCountry "GER"]
[SourceTitle "EXT 2022"]
[Source "ChessBase"]
[SourceDate "2021.10.06"]
[SourceVersion "1"]
[SourceVersionDate "2021.10.06"]
[SourceQuality "1"]
[WhiteTeam "Luenen Horstmar SC"]
[BlackTeam "Hamm SVg II"]
[WhiteTeamCountry "GER"]
[BlackTeamCountry "GER"]

1. c4 e5 2. Nc3 Nf6 3. g3 Be7 4. Bg2 0-0 5. Nf3 d6 6. d4 Nbd7 7. 0-0 a6 8. b4 exd4 9. Nxd4 Ne5 10. Qb3 c6 11. Bb2 Re8 12. Rad1 Qc7 13. f4 Neg4 14. Rd3 Bf8 15. e4 Rb8 16. h3 Nh6 17. g4 Nfxg4 18. hxg4 Nxg4 19. Rg3 h5 20. Bh3 Qb6 21. Na4 Qd8 22. Qf3 Qh4 23. Nb6 f5 24. Nxc8 fxe4 25. Nf5 Qxh3 26. Rxh3 exf3 27. Bxg7 Bxg7 28. Nce7+ Kf7 29. Nxg7 Rxe7 30. Nf5 Re2 31. Rfxf3 Rg8 32. Kf1 Rxa2 33. Rfg3 Nh2+ 34. Rxh2 Rxh2 1-0

[Event "Dortmund Sparkassen op-B"]
[Site "Dortmund"]
[Date "2008.07.03"]
[Round "5"]
[White "Begemann, Jens"]
[Black "Wilms, Christoph"]
[Result "1-0"]
[WhiteElo "1557"]
[BlackElo "1638"]
[PlyCount "51"]
[EventDate "2008.06.30"]
[EventType "swiss"]
[EventRounds "9"]
[EventCountry "GER"]
[SourceTitle "EXT 2022"]
[Source "ChessBase"]
[SourceDate "2021.10.06"]
[SourceVersion "1"]
[SourceVersionDate "2021.10.06"]
[SourceQuality "1"]

1. e4 c5 2. d4 cxd4 3. c3 Nf6 4. Bd3 e6 5. Nf3 dxc3 6. Nxc3 d6 7. 0-0 Be7 8. Re1 0-0 9. Qe2 Nbd7 10. Bf4 e5 11. Bg5 a6 12. h3 b5 13. a3 Bb7 14. Rad1 Rc8 15. Bb1 Qc7 16. Rc1 Qd8 17. Rcd1 Qb6 18. Be3 Qc6 19. Nh4 g6 20. Bh6 Rfe8 21. Qd2 Nc5 22. Nf5 Nfxe4 23. Nxe7+ Rxe7 24. Nxe4 f5 25. Qxd6 Qxd6 26. Nxd6 1-0

[Event "Dortmund Sparkassen op-B"]
[Site "Dortmund"]
[Date "2008.07.03"]
[Round "6"]
[White "Hellmann, Thomas"]
[Black "Begemann, Jens"]
[Result "1/2-1/2"]
[WhiteElo "1802"]
[BlackElo "1557"]
[PlyCount "83"]
[EventDate "2008.06.30"]
[EventType "swiss"]
[EventRounds "9"]
[EventCountry "GER"]
[SourceTitle "EXT 2022"]
[Source "ChessBase"]
[SourceDate "2021.10.06"]
[SourceVersion "1"]
[SourceVersionDate "2021.10.06"]
[SourceQuality "1"]

1. c4 f5 2. g3 Nf6 3. Nc3 g6 4. d3 Bg7 5. Bg2 c6 6. Nf3 d6 7. 0-0 0-0 8. Rb1 Qe8 9. b4 e5 10. Nd2 Nbd7 11. a4 Kh8 12. b5 c5 13. a5 Rb8 14. Qc2 f4 15. Bb2 Rg8 16. a6 b6 17. e3 Nf8 18. Nce4 Nxe4 19. Nxe4 Qe7 20. exf4 exf4 21. Bxg7+ Rxg7 22. Qc3 Ne6 23. Qf6 Qxf6 24. Nxf6 Nd4 25. gxf4 Ne2+ 26. Kh1 Nxf4 27. Be4 Bf5 28. Rbd1 Rf8 29. Bxf5 gxf5 30. Nd5 Nxd5 31. cxd5 Re8 32. Rde1 Rge7 33. Rxe7 Rxe7 34. Kg2 Kg7 35. f4 Re2+ 36. Rf2 Re8 37. Rf1 Re7 38. Kf2 Kf6 39. Rg1 Re8 40. Re1 Rxe1 41. Kxe1 Kg6 42. Kf2 1/2-1/2

[Event "Werther Schloss op-C 13rd"]
[Site "Werther"]
[Date "2007.04.01"]
[Round "4"]
[White "Begemann, Jens"]
[Black "Janzen, Alexej"]
[Result "1/2-1/2"]
[WhiteElo "1562"]
[BlackElo "1748"]
[PlyCount "95"]
[EventDate "2007.03.31"]
[EventType "swiss"]
[EventRounds "5"]
[EventCountry "GER"]
[SourceTitle "EXT 2008"]
[Source "ChessBase"]
[SourceDate "2007.11.25"]
[SourceVersion "1"]
[SourceVersionDate "2007.11.25"]
[SourceQuality "1"]

1. e4 e5 2. Nc3 Nf6 3. f4 d5 4. fxe5 Nxe4 5. d3 Qh4+ 6. g3 Nxg3 7. Nf3 Qh5 8. Nxd5 Bg4 9. Bg2 Nxh1 10. Nxc7+ Kd8 11. Nxa8 Nc6 12. Bxh1 Nxe5 13. Kf2 Bxf3 14. Bxf3 Qxh2+ 15. Bg2 Be7 16. d4 Qh4+ 17. Kg1 Ng4 18. Qf3 Bd6 19. Bf4 Nh2 20. Bxh2 Qxh2+ 21. Kf1 Re8 22. Re1 Rxe1+ 23. Kxe1 Qg3+ 24. Ke2 Qxf3+ 25. Bxf3 Kc8 26. Ke3 Kb8 27. Nb6 axb6 28. Ke4 b5 29. c3 g6 30. Be2 b4 31. c4 b6 32. b3 Kc8 33. Kd5 Kd7 34. c5 bxc5 35. dxc5 Bf4 36. Kc4 Bd2 37. Kb5 Kc7 38. Bc4 f5 39. Bg8 g5 40. Bxh7 f4 41. Kc4 f3 42. Be4 g4 43. Kd5 Bc3 44. Ke6 f2 45. Bg2 f1Q 46. Bxf1 Kc6 47. Kf5 g3 48. Kf4 1/2-1/2

[Event "Werther Schloss op-B 11th"]
[Site "Werther"]
[Date "2005.03.20"]
[Round "4"]
[White "Rudak, Nikolaus"]
[Black "Begemann, Jens"]
[Result "1-0"]
[WhiteElo "1784"]
[BlackElo "1628"]
[PlyCount "41"]
[EventDate "2005.03.18"]
[EventType "swiss"]
[EventRounds "5"]
[EventCountry "GER"]
[SourceTitle "EXT 2006"]
[Source "ChessBase"]
[SourceDate "2005.11.24"]
[SourceVersion "1"]
[SourceVersionDate "2005.11.24"]
[SourceQuality "1"]

1. d4 f5 2. e3 Nf6 3. f4 g6 4. Nf3 Bg7 5. Bd3 d5 6. 0-0 0-0 7. Nbd2 Nc6 8. c3 Qe8 9. Qe2 Bd7 10. b3 h6 11. Ba3 Nd8 12. Ne5 Nc6 13. c4 Be6 14. Rac1 Rc8 15. Ndf3 Nxe5 16. dxe5 Ne4 17. Nd4 Qd7 18. Nxe6 Qxe6 19. cxd5 Qd7 20. Bxe4 fxe4 21. Qc4 1-0

[Event "Werther Schloss op-B 10th"]
[Site "Werther"]
[Date "2004.04.04"]
[Round "4"]
[White "Begemann, Jens"]
[Black "Rutten, David"]
[Result "1-0"]
[WhiteElo "1571"]
[BlackElo "1757"]
[PlyCount "49"]
[EventDate "2004.04.02"]
[EventType "swiss"]
[EventRounds "5"]
[EventCountry "GER"]
[SourceTitle "EXT 2006"]
[Source "ChessBase"]
[SourceDate "2005.11.24"]
[SourceVersion "1"]
[SourceVersionDate "2005.11.24"]
[SourceQuality "1"]

1. e4 c5 2. d4 cxd4 3. c3 dxc3 4. Nxc3 e6 5. Nf3 Nc6 6. Bc4 a6 7. 0-0 b5 8. Bb3 Nge7 9. Bf4 Ng6 10. Bg3 Be7 11. Re1 d6 12. Nd5 Nge5 13. Nxe7 Qxe7 14. Nxe5 dxe5 15. Rc1 Bb7 16. Qg4 0-0 17. f4 exf4 18. Bxf4 Kh8 19. e5 Rac8 20. Kh1 Nd4 21. Bg5 Qb4 22. Rcd1 Nc2 23. Qxb4 Nxb4 24. Be7 Nc2 25. Re2 1-0

[Event "Werther Schloss op-B 10th"]
[Site "Werther"]
[Date "2004.04.03"]
[Round "3"]
[White "Tannebaum, Guenter"]
[Black "Begemann, Jens"]
[Result "0-1"]
[WhiteElo "1744"]
[BlackElo "1571"]
[PlyCount "75"]
[EventDate "2004.04.02"]
[EventType "swiss"]
[EventRounds "5"]
[EventCountry "GER"]
[SourceTitle "EXT 2006"]
[Source "ChessBase"]
[SourceDate "2005.11.24"]
[SourceVersion "1"]
[SourceVersionDate "2005.11.24"]
[SourceQuality "1"]

1. d4 f5 2. g3 g6 3. Bg2 Nf6 4. Nf3 Bg7 5. 0-0 d6 6. Re1 c6 7. c4 0-0 8. Qc2 Qe8 9. b3 Nbd7 10. Bb2 e5 11. e3 h6 12. Nc3 Qf7 13. Ba3 e4 14. Nd2 Ne8 15. f3 exf3 16. Bxf3 Ndf6 17. d5 c5 18. Re2 Nd7 19. Rae1 Ne5 20. Bg2 Nf6 21. Bb2 a6 22. Na4 Nfd7 23. Nf3 Rb8 24. Nxe5 Nxe5 25. Nb6 Qe7 26. Qd2 Rf7 27. e4 fxe4 28. Nxc8 Rxc8 29. Bh3 Nf3+ 30. Kh1 Nxd2 31. Bc1 Rcf8 32. Bxd2 Kh7 33. Rxe4 Be5 34. Bf4 Qd8 35. Bxe5 dxe5 36. Rxe5 Rf2 37. Re7+ R8f7 38. R7e6 0-1